00000000nam 2200000zi 4500
0019.883133
003CaOODSP
00520250820151413
006m     o  d f      
007cr |||||||||||
008191223t20252025oncbd   obs  f000 0 fre d
020 |a9780660336145
040 |aCaOODSP|bfre|erda|cCaOODSP
043 |an-cn---
0861 |aH139-87/2025F-PDF
1001 |aBoileau-Falardeau, Michèle, |eauteur.
24510|aPoint focal : |bl'émergence des opioïdes au Canada / |cMichèle Boileau-Falardeau, Caroline Maurice-Gélinas, Justin Dyck, Sophie Gagnon, Melina Thibault, Cindy Leung Soo, Marie-Line Gilbert, Janike Pitre, Benoit Archambault.
264 1|a[Ottawa] : |bSanté Canada, Services d'analyse de drogues, |c[2025]
264 4|c©2025
300 |a1 ressource en ligne (21 pages) : |bgraphiques, carte
336 |atexte|btxt|2rdacontent/fre
337 |ainformatique|bc|2rdamedia/fre
338 |aressource en ligne|bcr|2rdacarrier/fre
500 |aPublié aussi en anglais sous le titre : In focus : the emergence of opioids in Canada.
500 |a« Pub. : 240869. »
504 |aComprend des références bibliographiques (page 20).
650 6|aToxicomanie aux opiacés|zCanada|vStatistiques.
650 6|aOpioïdes|zCanada|vStatistiques.
655 7|aStatistiques|2rvmgf
7101 |aCanada. |bSanté Canada, |eorganisme de publication.
77508|tIn focus : |w(CaOODSP)9.883132
85640|qPDF|s1.91 Mo|uhttps://publications.gc.ca/collections/collection_2025/sc-hc/H139-87-2025-fra.pdf
8564 |qHTML|sS.O.|uhttps://www.canada.ca/fr/sante-canada/services/publications/vie-saine/emergence-opioides-canada.html